000 00966nam a2200229Ia 4500
003 OSt
005 20250917153640.0
008 210719s1983 xx 000 0 und d
040 _cAL
041 _aTulu
082 _aT894.2 KUDM
100 _aKUDKADI VISHVANATHA RAI
_dಕುಡ್ಕಾಡಿ ವಿಶ್ವನಾಥ ರೈ
_9239168
245 _aManjata kapade, satyomma deyyar
_bಮಂಜತ ಕಾಪಾಡೆ, ಸತ್ಯೊಮ್ಮ ದೆಯ್ಯರ್
260 _aPuttur
_bVishvakalaniketana
_c1983
300 _a20
_bPB
365 _b5
_cRs
520 _aManjata kapade, satyomma deyyar: tare tinpuna radd natakolu ಮಂಜತ ಕಾಪಾಡೆ, ಸತ್ಯೊಮ್ಮ ದೆಯ್ಯರ್: ತರೆ ತಿನ್ಪುನ ರಡ್ದ್ ನಾಟಕೊಲು
650 _aTulu Drama
_9239169
650 _aTulu Drama
_9239169
906 _adeyyar: ; kapade: ; Manjata ; natakolu ; radd ; satyomma ; tare ; tinpuna
942 _2ddc
_cBK
999 _c214740
_d214740